01645nam a22002537a 4500003000900000005001700009007000300026008004100029020001800070040002500088082002700113100003300140245013600173260003600309300003600345490004600381500007600427505061200503650006901115650006101184650005901245700004101304830004601345DO-SdBNP20240229074004.0ta210310e2020 dr ao||er|||| 001 0dspa d a9789945919066 aDO-SdBNPbspacBNPHU 4a262.3097293bS127v2221 a Sáez , José Luisd1937-13aLas visitas pastorales de los arzobispos de Santo Domingo (1531-1983) /cJosé Luis Sáez Ramo ; editor:Jesús R. Navarro Zerpa. aSanto Domingo :bBúho,c2020. a242 p. :bil., retrs. ;c22 cm. aAcademia Dominicana de la Historia ;v156 aIncluye referencias bibliográficas y notas al pie de las páginas. aIntroducción 11 -- Las visitas pastorales dominicanas al margen del Trento (1515-1553) 12 -- Primeras visitas pastorales del siglo XVI (1531-1583) 14 -- La visita pastoral en la legislación sinodal dominicana y continental 17 -- Origen y necesidad de las notas o actas de visita pastoral 20 -- Los libros parroquiales y el valor documental de una visita 21 -- dos modalidades de Visita Pastoral extensa en el siglo XX 23 -- Las visitas hasta la recreación de la provincia Eclesiástica de Santo Domingo (1945-1953) 28 -- Índice de documentos 33 -- Antología de documentos 49 -- Bibliografía 317 4aVisitas pastorales zRepública DominicanaxHistoriay1531-1953 4aArzobispos zRepública DominicanaxHistoriay1531-1953 4aIglesia católica zRepública Dominicana xHistoria1 aNavarro Zerpa, Jesús R. eeditor. aAcademia Dominicana de la Historia ;n156